000 00301nam a22001337a 4500
008 170908b xxu||||| |||| 00| 0 eng d
020 _a9780415381222
041 _aeng
080 _a91
100 _a42
101 _aGJEO
245 _aGEOGRAPHIES OF DEVELOPING AREAS
_cWILLIAMS,G
942 _2udc
_cBK
999 _c26888
_d26888